[Event "Biel MTO op"]
[Site "Biel"]
[Date "2002.07.24"]
[Round "3"]
[White "Kosteniuk, Alexandra"]
[Black "Huzman, Alexander"]
[Result "0-1"]
[WhiteElo "2459"]
[BlackElo "2591"]
[PlyCount "130"]
[EventDate "2002.07.22"]
[EventType "swiss"]
[EventRounds "11"]
[EventCountry "SUI"]
[SourceTitle "EXT 2003"]
[Source "ChessBase"]
[SourceDate "2002.11.25"]
[SourceVersion "1"]
[SourceVersionDate "2002.11.25"]
[SourceQuality "1"]

1. e4 e6 2. d4 d5 3. Nd2 c5 4. exd5 Qxd5 5. Ngf3 cxd4 6. Bc4 Qd6 7. O-O Nf6 8.
Nb3 Nc6 9. Nbxd4 Nxd4 10. Nxd4 Bd7 11. a4 a6 12. b3 Qc7 13. Bb2 Bd6 14. Nf3 Bc6
15. h3 O-O-O 16. Qe2 Bxf3 17. Qxf3 Bh2+ 18. Kh1 Be5 19. Bxe5 Qxe5 20. Rfe1 Qc7
21. a5 Rd4 22. Qe3 Rhd8 23. Kg1 h6 24. Bd3 g5 25. Reb1 Qf4 26. g3 Qxe3 27. fxe3
R4d7 28. b4 Rc7 29. b5 axb5 30. Rxb5 Rd5 31. Rb4 Rdc5 32. a6 bxa6 33. Rba4 Kd8
34. Kf2 Nd7 35. Rxa6 Ne5 36. Ra8+ Ke7 37. R1a7 Kf6 38. Rxc7 Rxc7 39. Ke2 Rb7
40. Ra1 h5 41. Rf1+ Kg7 42. e4 Ra7 43. Ke3 Ra3 44. Kd4 f6 45. Ke3 Kg6 46. Rb1
Nxd3 47. cxd3 e5 48. Rd1 Ra2 49. Kf3 Rh2 50. d4 exd4 51. Rxd4 h4 52. gxh4 Rxh3+
53. Kg2 Rxh4 54. Kf3 Rf4+ 55. Ke3 Kh5 56. Rd1 Kg4 57. Rg1+ Kh4 58. Rh1+ Kg3 59.
Rg1+ Kh2 60. Rd1 Kg2 61. Rd2+ Kg3 62. Rd8 f5 63. exf5 Rxf5 64. Ke2 g4 65. Rg8
Kh3 0-1

[Event "Biel MTO op"]
[Site "Biel"]
[Date "2002.07.25"]
[Round "4"]
[White "Ciric, Dragoljub M"]
[Black "Kosteniuk, Alexandra"]
[Result "0-1"]
[WhiteElo "2276"]
[BlackElo "2459"]
[PlyCount "34"]
[EventDate "2002.07.22"]
[EventType "swiss"]
[EventRounds "11"]
[EventCountry "SUI"]
[SourceTitle "EXT 2003"]
[Source "ChessBase"]
[SourceDate "2002.11.25"]
[SourceVersion "1"]
[SourceVersionDate "2002.11.25"]
[SourceQuality "1"]

1. e4 c5 2. Nf3 d6 3. d4 cxd4 4. Qxd4 Nc6 5. Bb5 Bd7 6. Bxc6 Bxc6 7. Nc3 Nf6 8.
Bg5 e6 9. O-O-O Be7 10. Rhe1 O-O 11. Qd2 h6 12. Bh4 Nxe4 13. Rxe4 Bxh4 14. Rg4
h5 15. Rd4 Be7 16. Ne4 e5 17. Nxe5 Bxe4 0-1

[Event "Biel MTO op"]
[Site "Biel"]
[Date "2002.07.26"]
[Round "5"]
[White "Kosteniuk, Alexandra"]
[Black "Mikhalevski, Victor"]
[Result "1/2-1/2"]
[WhiteElo "2459"]
[BlackElo "2520"]
[PlyCount "92"]
[EventDate "2002.07.22"]
[EventType "swiss"]
[EventRounds "11"]
[EventCountry "SUI"]
[SourceTitle "EXT 2003"]
[Source "ChessBase"]
[SourceDate "2002.11.25"]
[SourceVersion "1"]
[SourceVersionDate "2002.11.25"]
[SourceQuality "1"]

1. e4 c5 2. Nf3 Nc6 3. d4 cxd4 4. Nxd4 Nf6 5. Nc3 e5 6. Ndb5 d6 7. Bg5 a6 8.
Na3 b5 9. Bxf6 gxf6 10. Nd5 f5 11. Bd3 Be6 12. O-O Bxd5 13. exd5 Ne7 14. c4 e4
15. Be2 Bg7 16. Qd2 b4 17. Qxb4 Rb8 18. Qa4+ Kf8 19. c5 Nxd5 20. Bc4 dxc5 21.
Rad1 Bd4 22. Nc2 Nb6 23. Qxa6 Kg7 24. b4 Qf6 25. bxc5 Bxc5 26. Bb3 f4 27. Qa5
Rbc8 28. Kh1 Rhe8 29. Qd2 Rcd8 30. Qc1 f3 31. Rxd8 fxg2+ 32. Kxg2 Rxd8 33. Qa1
Qxa1 34. Nxa1 Rd2 35. Kg3 f5 36. Nc2 Kf6 37. Ne3 Ke5 38. Ng2 h5 39. h4 Rd7 40.
f4+ exf3 41. Re1+ Kf6 42. Re6+ Kg7 43. Kxf3 Rd3+ 44. Kf4 Nd5+ 45. Kxf5 Ne7+ 46.
Ke4 Rg3 1/2-1/2

[Event "Biel MTO op"]
[Site "Biel"]
[Date "2002.07.28"]
[Round "6"]
[White "Bauer, Christian"]
[Black "Kosteniuk, Alexandra"]
[Result "1-0"]
[WhiteElo "2550"]
[BlackElo "2459"]
[PlyCount "107"]
[EventDate "2002.07.22"]
[EventType "swiss"]
[EventRounds "11"]
[EventCountry "SUI"]
[SourceTitle "EXT 2003"]
[Source "ChessBase"]
[SourceDate "2002.11.25"]
[SourceVersion "1"]
[SourceVersionDate "2002.11.25"]
[SourceQuality "1"]

1. Nf3 d5 2. c4 c6 3. e3 Nf6 4. Nc3 Nbd7 5. Qc2 e5 6. cxd5 Nxd5 7. Bc4 N5b6 8.
Bb3 Bd6 9. Ne4 Be7 10. h4 Nd5 11. a3 h6 12. d3 N5f6 13. Nxf6+ Bxf6 14. Bd2 a5
15. O-O-O Qe7 16. g4 Nc5 17. g5 Nxb3+ 18. Qxb3 Qc5+ 19. Qc3 Qxc3+ 20. Bxc3 Bg4
21. Nh2 Bxd1 22. gxf6 Bh5 23. fxg7 Rg8 24. Bxe5 f5 25. Nf1 Kf7 26. Ng3 Bf3 27.
Rg1 Ke6 28. d4 c5 29. Kd2 Rac8 30. Ne2 Bxe2 31. Kxe2 cxd4 32. Bxd4 Kf7 33. Kf3
Rge8 34. Kf4 Re4+ 35. Kxf5 Rxh4 36. f4 Rh5+ 37. Ke4 Rh3 38. Be5 h5 39. Rg5 Re8
40. Kd3 Kg8 41. Bd4 a4 42. f5 h4 43. Rh5 Kf7 44. Rh8 Rg8 45. f6 Rh1 46. Ke4 h3
47. Be5 b5 48. Bd4 Rh2 49. Kf3 Rh1 50. Kg3 Rg1+ 51. Kh2 Rg6 52. Bc3 Re8 53. e4
Rg2+ 54. Kxh3 1-0

[Event "Biel MTO op"]
[Site "Biel"]
[Date "2002.07.29"]
[Round "7"]
[White "Kosteniuk, Alexandra"]
[Black "Misiano, Franco"]
[Result "1-0"]
[WhiteElo "2459"]
[BlackElo "2218"]
[PlyCount "121"]
[EventDate "2002.07.22"]
[EventType "swiss"]
[EventRounds "11"]
[EventCountry "SUI"]
[SourceTitle "EXT 2003"]
[Source "ChessBase"]
[SourceDate "2002.11.25"]
[SourceVersion "1"]
[SourceVersionDate "2002.11.25"]
[SourceQuality "1"]

1. e4 e6 2. d4 d5 3. Nd2 Nf6 4. e5 Nfd7 5. Bd3 c5 6. c3 Nc6 7. Ne2 cxd4 8. cxd4
f6 9. exf6 Nxf6 10. Nf3 Bd6 11. O-O Qc7 12. Bg5 O-O 13. Rc1 Ng4 14. Ng3 g6 15.
Nd2 e5 16. Be2 Nf6 17. Bxf6 Rxf6 18. Nde4 dxe4 19. d5 Bf5 20. dxc6 bxc6 21. Bb5
Qb6 22. Bxc6 Raf8 23. Qe2 Kh8 24. Bxe4 Bd7 25. Bd3 Bc6 26. Rc2 Bc5 27. Qxe5 Bd4
28. Qe1 Bxb2 29. Kh1 Ba4 30. Rc4 Bc6 31. Rb4 Qd8 32. Be4 Bd4 33. Bxc6 Rxc6 34.
Ne4 Re6 35. f3 Bg7 36. Qb1 Rb6 37. Rxb6 Qxb6 38. Qxb6 axb6 39. Rb1 Ra8 40. Rxb6
Bd4 41. Rb5 Rxa2 42. h4 h6 43. h5 gxh5 44. Rxh5 Kg7 45. Rd5 Be3 46. Kh2 Kg6 47.
Kh3 Rb2 48. g3 h5 49. Rd6+ Kg7 50. f4 Bg1 51. Kh4 Bh2 52. Nf6 Kg6 53. Nxh5+ Kf5
54. Rf6+ Ke4 55. Kg4 Rb8 56. Re6+ Kd5 57. Re1 Rg8+ 58. Kf3 Bxg3 59. Nxg3 Ra8
60. f5 Ra3+ 61. Kf4 1-0

[Event "Biel MTO op"]
[Site "Biel"]
[Date "2002.07.31"]
[Round "9"]
[White "Rashkovsky, Nukhim N"]
[Black "Kosteniuk, Alexandra"]
[Result "1-0"]
[WhiteElo "2511"]
[BlackElo "2459"]
[PlyCount "115"]
[EventDate "2002.07.22"]
[EventType "swiss"]
[EventRounds "11"]
[EventCountry "SUI"]
[SourceTitle "EXT 2003"]
[Source "ChessBase"]
[SourceDate "2002.11.25"]
[SourceVersion "1"]
[SourceVersionDate "2002.11.25"]
[SourceQuality "1"]

1. d4 d5 2. Nf3 c6 3. c4 e6 4. e3 Nf6 5. Bd3 Nbd7 6. O-O dxc4 7. Bxc4 b5 8. Bd3
a6 9. a4 b4 10. e4 c5 11. e5 Nd5 12. Bg5 Be7 13. Bxe7 Qxe7 14. Nbd2 cxd4 15.
Be4 O-O 16. Bxd5 exd5 17. Re1 Nc5 18. Nb3 Bg4 19. Nbxd4 Rac8 20. h3 Bd7 21. a5
Ne4 22. Qd3 Nc5 23. Qd2 Ne4 24. Qe2 f6 25. e6 Bxe6 26. Qxa6 Bf7 27. Rec1 Rc4
28. Qb6 Qc5 29. Qxc5 Nxc5 30. b3 Rc3 31. Rxc3 bxc3 32. b4 Nd7 33. b5 Bg6 34. b6
Ra8 35. Nb3 Bd3 36. Rc1 Rc8 37. Nfd4 Kf7 38. f4 g6 39. Kf2 Ba6 40. Ne2 d4 41.
Nexd4 Nc5 42. Nxc5 Rxc5 43. Ke3 Ke7 44. Rb1 c2 45. Rc1 Rc3+ 46. Kf2 Rc4 47.
Nxc2 Rxf4+ 48. Ke3 Rc4 49. Kd2 Kd7 50. Rb1 Kc8 51. Nb4 Bb7 52. g3 Kb8 53. Kd3
Rc5 54. a6 Bg2 55. Re1 Re5 56. Rxe5 fxe5 57. Kc4 Kc8 58. Kc5 1-0

[Event "Biel MTO op"]
[Site "Biel"]
[Date "2002.08.01"]
[Round "10"]
[White "Kosteniuk, Alexandra"]
[Black "Houhou, Olivier"]
[Result "1-0"]
[WhiteElo "2459"]
[BlackElo "2239"]
[PlyCount "69"]
[EventDate "2002.07.22"]
[EventType "swiss"]
[EventRounds "11"]
[EventCountry "SUI"]
[SourceTitle "EXT 2003"]
[Source "ChessBase"]
[SourceDate "2002.11.25"]
[SourceVersion "1"]
[SourceVersionDate "2002.11.25"]
[SourceQuality "1"]

1. e4 c5 2. Nf3 b6 3. d4 cxd4 4. Nxd4 Bb7 5. Nc3 a6 6. Be3 e6 7. Bd3 Qc7 8. O-O
Nf6 9. f4 d6 10. Qf3 Nbd7 11. Rae1 g6 12. Qh3 Be7 13. f5 gxf5 14. exf5 e5 15.
Nf3 Nc5 16. Bh6 Rg8 17. Bg5 Rc8 18. Bxf6 Bxf6 19. Bc4 Nd7 20. Bb3 Rg7 21. Rf2
Ke7 22. Bd5 b5 23. Bxb7 Qxb7 24. Rd2 Nb6 25. Ne4 Nd7 26. Nxd6 Qb6+ 27. Kh1 Rc6
28. Ne4 Qc7 29. Nxf6 Rxf6 30. Nxe5 Nxe5 31. Rde2 Rg5 32. Rxe5+ Kf8 33. Qxh7 Qc6
34. Re8+ Qxe8 35. Qh8+ 1-0

[Event "Biel MTO op"]
[Site "Biel"]
[Date "2002.08.02"]
[Round "11"]
[White "Vovsha, Eli"]
[Black "Kosteniuk, Alexandra"]
[Result "1/2-1/2"]
[WhiteElo "2402"]
[BlackElo "2459"]
[PlyCount "57"]
[EventDate "2002.07.22"]
[EventType "swiss"]
[EventRounds "11"]
[EventCountry "SUI"]
[SourceTitle "EXT 2003"]
[Source "ChessBase"]
[SourceDate "2002.11.25"]
[SourceVersion "1"]
[SourceVersionDate "2002.11.25"]
[SourceQuality "1"]

1. e4 c5 2. Nf3 d6 3. d4 cxd4 4. Nxd4 Nf6 5. Nc3 Nc6 6. Bg5 e6 7. Qd3 a6 8.
O-O-O Ne5 9. Qd2 h6 10. Bxf6 Qxf6 11. f4 Nd7 12. Bc4 Nb6 13. Bb3 Bd7 14. Rhf1
Be7 15. Qe3 Bd8 16. e5 dxe5 17. Ne4 Qe7 18. fxe5 Bc7 19. Qg3 O-O 20. Rf6 Kh7
21. Qd3 g6 22. Qg3 a5 23. Rd3 Nd5 24. Rff3 Rac8 25. Bxd5 exd5 26. Nf6+ Kg7 27.
Nxd7 Qxd7 28. Qf4 Qe7 29. Qf6+ 1/2-1/2

[Event "Battle of the Babes"]
[Site "London"]
[Date "2002.08.13"]
[Round "1"]
[White "Howell, David"]
[Black "Kosteniuk, Alexandra"]
[Result "1/2-1/2"]
[WhiteElo "2211"]
[BlackElo "2459"]
[PlyCount "125"]
[EventDate "2002.08.13"]
[EventType "match (rapid)"]
[EventRounds "4"]
[EventCountry "ENG"]
[SourceTitle "CBM 089 Extra"]
[Source "ChessBase"]
[SourceDate "2002.09.10"]
[SourceVersion "2"]
[SourceVersionDate "2002.09.10"]
[SourceQuality "1"]

1. e4 c5 2. c3 d5 3. exd5 Qxd5 4. d4 Nf6 5. Nf3 e6 6. Be2 Nc6 7. O-O cxd4 8.
cxd4 Be7 9. Nc3 Qd6 10. Be3 O-O 11. a3 b6 12. Qb3 Bb7 13. Rfd1 Rfd8 14. Rac1
Rac8 15. h3 h6 16. Qa2 Bf8 17. Nb5 Qb8 18. Nc3 Ne7 19. Ne5 Ned5 20. Bf3 Nxe3
21. fxe3 Bxf3 22. Nxf3 Qg3 23. Ne2 Qg6 24. Qb1 Qxb1 25. Rxb1 Rc2 26. Nc3 Bxa3
27. Rd2 Rxd2 28. Nxd2 Bb4 29. Rc1 Rc8 30. Kf2 Nd5 31. Nxd5 Rxc1 32. Nxb4 a5 33.
Nd3 Rc8 34. Ke2 Kf8 35. Kd1 Ke7 36. Nb1 a4 37. Kd2 f6 38. Na3 g5 39. Nb5 h5 40.
g3 h4 41. g4 f5 42. Ne5 fxg4 43. Nxg4 Ra8 44. Na3 b5 45. Kc3 Rc8+ 46. Kb4 Rc1
47. Nxb5 Rh1 48. Kxa4 Rxh3 49. Nc3 Rh1 50. Ne4 Rg1 51. Nef2 h3 52. Nh2 Rg2 53.
Nfg4 Rxb2 54. Ka3 Rb8 55. Nf3 Rf8 56. Nfh2 Kd6 57. Kb3 Kd5 58. Kc3 Ke4 59. Kd2
Ra8 60. Nf2+ Kf5 61. Ke2 Ra3 62. Kf3 Kg6 63. Nxh3 1/2-1/2

[Event "Battle of the Babes"]
[Site "London"]
[Date "2002.08.13"]
[Round "4"]
[White "Kosteniuk, Alexandra"]
[Black "Howell, David"]
[Result "1-0"]
[WhiteElo "2459"]
[BlackElo "2211"]
[PlyCount "95"]
[EventDate "2002.08.13"]
[EventType "match (rapid)"]
[EventRounds "4"]
[EventCountry "ENG"]
[SourceTitle "CBM 089 Extra"]
[Source "ChessBase"]
[SourceDate "2002.09.10"]
[SourceVersion "2"]
[SourceVersionDate "2002.09.10"]
[SourceQuality "1"]

1. e4 e5 2. Nf3 Nc6 3. Bb5 a6 4. Ba4 Nf6 5. O-O Be7 6. Re1 b5 7. Bb3 O-O 8. a4
Bb7 9. d3 d6 10. Nbd2 h6 11. Nf1 Re8 12. c3 Bf8 13. Ne3 Na5 14. Ba2 c5 15. b4
cxb4 16. cxb4 Nc6 17. Qb3 Qd7 18. Bb2 bxa4 19. Qxa4 Nd4 20. Qxd7 Nxf3+ 21. gxf3
Nxd7 22. Nd5 Rec8 23. Bc4 Ra7 24. Ra5 Bxd5 25. Bxd5 Nb6 26. Bb3 d5 27. Rea1
Bxb4 28. Rxa6 Rxa6 29. Rxa6 Nd7 30. Bxd5 Rc2 31. Ra7 Rxb2 32. Rxd7 Bc5 33. Rxf7
Kh7 34. f4 Rxf2 35. Rc7 Rc2+ 36. Kf1 exf4 37. e5 Rc1+ 38. Ke2 Be3 39. Be4+ Kg8
40. Rd7 Rc2+ 41. Kf3 h5 42. Bg6 Kf8 43. e6 Rf2+ 44. Ke4 Bc5 45. Rf7+ Kg8 46.
Kd5 Ba3 47. e7 Re2 48. Rf8# 1-0

[Event "FIDE World Cup-C (Women)"]
[Site "Hyderabad"]
[Date "2002.10.10"]
[Round "1"]
[White "Stepovaia, Tatiana"]
[Black "Kosteniuk, Alexandra"]
[Result "1/2-1/2"]
[WhiteElo "2398"]
[BlackElo "2455"]
[PlyCount "95"]
[EventDate "2002.10.05"]
[EventType "tourn"]
[EventRounds "5"]
[EventCountry "IND"]
[EventCategory "7"]
[SourceTitle "CBM 090 Extra"]
[Source "ChessBase"]
[SourceDate "2002.11.07"]
[SourceVersion "1"]
[SourceVersionDate "2002.11.07"]
[SourceQuality "1"]

1. e4 c5 2. Nc3 Nc6 3. Bb5 Nd4 4. Bc4 e6 5. Nge2 Ne7 6. Nxd4 cxd4 7. Ne2 Nc6 8.
d3 g6 9. Bf4 Bg7 10. Qd2 Bf6 11. Bd6 Qb6 12. O-O Ne5 13. Bxe5 Bxe5 14. Qh6 Bf6
15. f4 Qc5 16. e5 Be7 17. Qg7 Rf8 18. Ng3 b5 19. Ne4 Qb6 20. Bb3 h5 21. a4 Bb7
22. axb5 O-O-O 23. Nd6+ Bxd6 24. exd6 f6 25. Rf2 Qxb5 26. Bxe6 Qxb2 27. Bxd7+
Kb8 28. Raf1 Qb6 29. Qe7 Bd5 30. Ba4 Rf7 31. Qe1 Qxd6 32. Re2 Rb7 33. Qa1 Rb4
34. Be8 f5 35. Qa5 Qb6 36. Ra1 Qxa5 37. Rxa5 Rb6 38. Re7 Bb7 39. Bf7 Rc8 40.
Bb3 Ba6 41. h3 h4 42. Rd7 Bxd3 43. cxd3 Rc1+ 44. Kf2 Rxb3 45. Rxd4 Rb2+ 46. Kf3
Rf1+ 47. Ke3 Re1+ 48. Kf3 1/2-1/2

[Event "FIDE World Cup-C (Women)"]
[Site "Hyderabad"]
[Date "2002.10.12"]
[Round "3"]
[White "Koneru, Humpy"]
[Black "Kosteniuk, Alexandra"]
[Result "1-0"]
[WhiteElo "2484"]
[BlackElo "2455"]
[PlyCount "83"]
[EventDate "2002.10.05"]
[EventType "tourn"]
[EventRounds "5"]
[EventCountry "IND"]
[EventCategory "7"]
[SourceTitle "CBM 090 Extra"]
[Source "ChessBase"]
[SourceDate "2002.11.07"]
[SourceVersion "1"]
[SourceVersionDate "2002.11.07"]
[SourceQuality "1"]

1. d4 d5 2. Nf3 c6 3. c4 Nf6 4. e3 Bf5 5. Nc3 e6 6. Nh4 Be4 7. f3 Bg6 8. Qb3
Qc7 9. Bd2 Be7 10. cxd5 Nxd5 11. Nxg6 hxg6 12. O-O-O a5 13. Nxd5 exd5 14. a4
Na6 15. e4 Nb4 16. Kb1 O-O 17. exd5 Nxd5 18. Bc4 Nf6 19. Qc2 Kh8 20. h4 b5 21.
Bxb5 Qa7 22. Bc4 Rab8 23. h5 gxh5 24. g4 Kg8 25. g5 Nd5 26. Rxh5 g6 27. Rh6 Kg7
28. Bxd5 cxd5 29. Bf4 Rg8 30. Bxb8 Qxb8 31. Rdh1 Qd8 32. Rh7+ Kf8 33. f4 Qd7
34. Rc1 Ke8 35. Qb3 Bb4 36. Qe3+ Kd8 37. Qe5 Rf8 38. Qb8+ Ke7 39. Qb6 Qf5+ 40.
Ka2 Bd6 41. Re1+ Kd7 42. Qb5+ 1-0

[Event "FIDE World Cup-C (Women)"]
[Site "Hyderabad"]
[Date "2002.10.14"]
[Round "5"]
[White "Thipsay, Bagyashree Sathe"]
[Black "Kosteniuk, Alexandra"]
[Result "0-1"]
[WhiteElo "2256"]
[BlackElo "2455"]
[PlyCount "82"]
[EventDate "2002.10.05"]
[EventType "tourn"]
[EventRounds "5"]
[EventCountry "IND"]
[EventCategory "7"]
[SourceTitle "CBM 090 Extra"]
[Source "ChessBase"]
[SourceDate "2002.11.07"]
[SourceVersion "1"]
[SourceVersionDate "2002.11.07"]
[SourceQuality "1"]

1. e4 c5 2. Nf3 d6 3. d4 cxd4 4. Qxd4 Nc6 5. Bb5 Bd7 6. Bxc6 Bxc6 7. c4 f5 8.
exf5 Qa5+ 9. Qc3 Qxf5 10. Nbd2 Nf6 11. O-O e5 12. Re1 O-O-O 13. Qa5 h5 14. Nd4
Qd7 15. Nxc6 Qxc6 16. Qxa7 h4 17. h3 g5 18. Nb3 Rg8 19. Na5 Qc7 20. Re3 b6 21.
Qa6+ Kd7 22. Qb5+ Ke6 23. Nb3 g4 24. Nd4+ Kf7 25. Nf5 Qc8 26. hxg4 Rxg4 27. Rf3
Qb7 28. Qb3 Kg6 29. Qc2 Kf7 30. Nxh4 Bg7 31. Rh3 Rh8 32. g3 Qc8 33. Be3 d5 34.
Bxb6 Qe6 35. c5 Ne4 36. Kg2 Ng5 37. Rah1 Nxh3 38. Rxh3 Bf6 39. Nf5 Rc4 40. Nd6+
Qxd6 41. Qxc4 Qe6 0-1

[Event "Olympiad Women-35"]
[Site "Bled"]
[Date "2002.10.26"]
[Round "1.2"]
[White "Kosteniuk, Alexandra"]
[Black "Sekulovska, Vesna"]
[Result "1-0"]
[WhiteElo "2455"]
[BlackElo "2119"]
[PlyCount "118"]
[EventDate "2002.10.26"]
[EventType "team-swiss"]
[EventRounds "14"]
[EventCountry "SLO"]
[SourceTitle "EXT 2003"]
[Source "ChessBase"]
[SourceDate "2002.11.25"]
[SourceVersion "1"]
[SourceVersionDate "2002.11.25"]
[SourceQuality "1"]
[WhiteTeam "Russia (W)"]
[BlackTeam "Macedonia (W)"]
[WhiteTeamCountry "RUS"]
[BlackTeamCountry "MKD"]

1. e4 e5 2. Nf3 Nc6 3. Bb5 Nf6 4. O-O Bc5 5. c3 O-O 6. d4 Bb6 7. Bg5 h6 8. Bh4
d6 9. Qd3 Qe7 10. Nbd2 Nb8 11. Nc4 c6 12. dxe5 dxe5 13. Nxb6 axb6 14. Bc4 Nbd7
15. Qe3 Re8 16. a4 Nc5 17. a5 Ncxe4 18. Qxe4 Nxe4 19. Bxe7 Rxe7 20. axb6 Rxa1
21. Rxa1 Nd6 22. Bb3 Be6 23. Ra8+ Kh7 24. Bc2+ Bf5 25. Bxf5+ Nxf5 26. Rd8 e4
27. Ne1 e3 28. f3 Re5 29. g4 Nh4 30. Kf1 Rb5 31. b4 Rxb6 32. Ke2 Ra6 33. Kxe3
Ra3 34. Rd3 Ra1 35. Kd2 Ra2+ 36. Nc2 f5 37. c4 fxg4 38. fxg4 Ng6 39. Re3 b5 40.
c5 Nf4 41. Re4 Nd5 42. Kd3 Rb2 43. Rd4 Rb3+ 44. Kd2 Nf6 45. h4 Rh3 46. g5 hxg5
47. hxg5 Ng8 48. Rd6 Rh2+ 49. Kd3 Ne7 50. Nd4 Rh3+ 51. Ke4 Rh4+ 52. Kf3 Rh3+
53. Kg4 Rd3 54. Nf3 Rb3 55. Ne5 Rxb4+ 56. Kh5 g6+ 57. Nxg6 Nf5 58. Nf8+ Kg8 59.
Ne6 Ng7+ 1-0

[Event "Olympiad Women-35"]
[Site "Bled"]
[Date "2002.10.28"]
[Round "3.3"]
[White "Wang, Pin"]
[Black "Kosteniuk, Alexandra"]
[Result "1/2-1/2"]
[WhiteElo "2473"]
[BlackElo "2455"]
[PlyCount "142"]
[EventDate "2002.10.26"]
[EventType "team-swiss"]
[EventRounds "14"]
[EventCountry "SLO"]
[SourceTitle "EXT 2003"]
[Source "ChessBase"]
[SourceDate "2002.11.25"]
[SourceVersion "1"]
[SourceVersionDate "2002.11.25"]
[SourceQuality "1"]
[WhiteTeam "China (W)"]
[BlackTeam "Russia (W)"]
[WhiteTeamCountry "CHN"]
[BlackTeamCountry "RUS"]

1. e4 c5 2. Nf3 d6 3. d4 cxd4 4. Nxd4 Nf6 5. Nc3 Nc6 6. Bg5 e6 7. Qd2 a6 8.
O-O-O h6 9. Nxc6 bxc6 10. Bf4 d5 11. Qe3 Be7 12. Be2 O-O 13. Qg3 Kh8 14. Bc7
Qd7 15. Be5 Qb7 16. exd5 cxd5 17. Rd4 Ne8 18. Bd3 Bf6 19. Re1 Bd7 20. a3 a5 21.
a4 Rb8 22. Nb5 Bxb5 23. axb5 Qe7 24. Kb1 Rb7 25. Ra4 Bxe5 26. Qxe5 Qc7 27. Qxc7
Nxc7 28. Rxa5 Rfb8 29. c4 dxc4 30. Bxc4 Nxb5 31. Bxb5 Rxb5 32. Rxb5 Rxb5 33.
Re4 Kg8 34. b4 Kf8 35. Kb2 Ke7 36. Kb3 Kd6 37. Rc4 Rb8 38. Rc5 f5 39. Ra5 Rb7
40. Ra2 Kc6 41. Kc4 Rc7 42. b5+ Kd6+ 43. Kb4 Rc1 44. Ka5 Kc7 45. Ka6 Kb8 46.
Re2 Kc7 47. Ra2 Kb8 48. Kb6 Rd1 49. Rc2 e5 50. Rc6 Rd2 51. Re6 Kc8 52. Rxe5
Rxf2 53. g3 g5 54. Kc6 Rc2+ 55. Rc5 Rxh2 56. Rxf5 Rc2+ 57. Kb6 Rc3 58. g4 Rg3
59. Rf6 Rxg4 60. Rxh6 Rg1 61. Rh8+ Kd7 62. Kb7 Ke6 63. b6 g4 64. Kc8 Rc1+ 65.
Kb8 Kf5 66. b7 Rb1 67. Kc7 Kf4 68. b8=Q Rxb8 69. Rxb8 g3 70. Kd6 g2 71. Rg8 Kf3
1/2-1/2

[Event "Olympiad Women-35"]
[Site "Bled"]
[Date "2002.10.31"]
[Round "6.2"]
[White "Kosteniuk, Alexandra"]
[Black "Baginskaite, Camilla"]
[Result "1-0"]
[WhiteElo "2455"]
[BlackElo "2365"]
[PlyCount "55"]
[EventDate "2002.10.26"]
[EventType "team-swiss"]
[EventRounds "14"]
[EventCountry "SLO"]
[SourceTitle "EXT 2003"]
[Source "ChessBase"]
[SourceDate "2002.11.25"]
[SourceVersion "1"]
[SourceVersionDate "2002.11.25"]
[SourceQuality "1"]
[WhiteTeam "Russia (W)"]
[BlackTeam "US of America (W)"]
[WhiteTeamCountry "RUS"]
[BlackTeamCountry "USA"]

1. e4 c5 2. Nf3 d6 3. d4 cxd4 4. Nxd4 Nf6 5. Nc3 a6 6. f3 e5 7. Nb3 Be6 8. Be3
Be7 9. Qd2 O-O 10. O-O-O Nbd7 11. g4 Qc7 12. Kb1 b5 13. g5 Nh5 14. Nd5 Bxd5 15.
exd5 Nb6 16. Na5 Nxd5 17. Qxd5 Qxa5 18. c4 Rab8 19. Bd3 Qa4 20. cxb5 axb5 21.
Rc1 b4 22. Rc7 Qe8 23. Bf5 g6 24. Bg4 Rb5 25. Qd3 d5 26. Rxe7 Qxe7 27. Qxb5 d4
28. Bd2 1-0

[Event "Olympiad Women-35"]
[Site "Bled"]
[Date "2002.11.06"]
[Round "11.2"]
[White "Paehtz, Elisabeth"]
[Black "Kosteniuk, Alexandra"]
[Result "1-0"]
[WhiteElo "2349"]
[BlackElo "2455"]
[PlyCount "73"]
[EventDate "2002.10.26"]
[EventType "team-swiss"]
[EventRounds "14"]
[EventCountry "SLO"]
[SourceTitle "EXT 2003"]
[Source "ChessBase"]
[SourceDate "2002.11.25"]
[SourceVersion "1"]
[SourceVersionDate "2002.11.25"]
[SourceQuality "1"]
[WhiteTeam "Germany (W)"]
[BlackTeam "Russia (W)"]
[WhiteTeamCountry "GER"]
[BlackTeamCountry "RUS"]

1. e4 c5 2. Nf3 Nc6 3. d4 cxd4 4. Nxd4 Nf6 5. Nc3 d6 6. Bg5 e6 7. Qd2 a6 8.
O-O-O h6 9. Be3 Bd7 10. f3 b5 11. Nxc6 Bxc6 12. Kb1 Qc7 13. Ne2 Bb7 14. h4 Rc8
15. Rc1 Nd7 16. Nf4 Ne5 17. Be2 g6 18. Rhd1 Ke7 19. c4 bxc4 20. Bxc4 Qb8 21.
Bb3 Bg7 22. Ne2 a5 23. Bd4 a4 24. Bxa4 Ba6 25. f4 Nc4 26. Rxc4 Rxc4 27. Bxg7
Rg8 28. Bb3 Rxg7 29. Bxc4 Bxc4 30. Nc3 Rg8 31. Qd4 Rc8 32. g4 Qc7 33. Rc1 Qc5
34. Qxc5 Rxc5 35. b4 Rc8 36. Kb2 Kd7 37. Na4 1-0